000 00487nam a2200205Ia 4500
003 OSt
005 20140507101638.0
008 140130s9999 xx 000 0 und d
020 _a051624020X
050 _aTX 770.P58
_b.H55 2002
100 _aHill, Mary
245 _cMary Hill
_aLet's make pizza /
260 _bScholastic,
_c2002.
_aNew York :
300 _a24 p. :
_bcol. ill. ;
_c18 cm.
440 _v1
521 _aG1
526 _c120
942 _cBK
_2lcc
999 _c39844
_d39844